<?xml version="1.0" encoding="UTF-8"?>
<record
    xmlns:xsi="http://www.w3.org/2001/XMLSchema-instance"
    xsi:schemaLocation="http://www.loc.gov/MARC21/slim http://www.loc.gov/standards/marcxml/schema/MARC21slim.xsd"
    xmlns="http://www.loc.gov/MARC21/slim">

  <leader>00953nam a22002177a 4500</leader>
  <controlfield tag="005">20160317103444.0</controlfield>
  <controlfield tag="008">160316b1946    xxu||||| |||| 00| 0dspa d</controlfield>
  <datafield tag="040" ind1=" " ind2=" ">
    <subfield code="a">CO-BoIAVH </subfield>
    <subfield code="c">CO-BoIAVH </subfield>
  </datafield>
  <datafield tag="041" ind1=" " ind2=" ">
    <subfield code="a">eng</subfield>
  </datafield>
  <datafield tag="044" ind1=" " ind2=" ">
    <subfield code="a">xxu</subfield>
  </datafield>
  <datafield tag="082" ind1="1" ind2="4">
    <subfield code="a">509.22410</subfield>
    <subfield code="b">C81f</subfield>
  </datafield>
  <datafield tag="110" ind1="1" ind2=" ">
    <subfield code="a">Corning Glass Works, Corning, N.Y.</subfield>
  </datafield>
  <datafield tag="245" ind1="1" ind2="0">
    <subfield code="a">Famous names in chemical history:</subfield>
    <subfield code="b">Jhon Dalton.</subfield>
  </datafield>
  <datafield tag="260" ind1=" " ind2=" ">
    <subfield code="a"> New York:</subfield>
    <subfield code="b">Corning Glass Works, Corning, N.Y.,</subfield>
    <subfield code="c">1946.</subfield>
  </datafield>
  <datafield tag="300" ind1=" " ind2=" ">
    <subfield code="a">16 p&#xE1;ginas, </subfield>
    <subfield code="c">19 cent&#xED;metros.</subfield>
  </datafield>
  <datafield tag="500" ind1=" " ind2=" ">
    <subfield code="a">Naturalista, qu&#xED;mico, matem&#xE1;tico y meteor&#xF3;logo brit&#xE1;nico. Son especialmente relevantes su modelo at&#xF3;mico y su tabla de pesos relativos de los elementos, que contribuyeron a sentar las bases de la qu&#xED;mica moderna.
Fuente:  Wikipedia, 17 de marzo de 2016.</subfield>
  </datafield>
  <datafield tag="600" ind1=" " ind2=" ">
    <subfield code="a">Dalton, John, </subfield>
    <subfield code="d">1766-1844 </subfield>
    <subfield code="x">biograf&#xED;a</subfield>
  </datafield>
  <datafield tag="650" ind1="1" ind2="6">
    <subfield code="a">Cient&#xED;ticos</subfield>
    <subfield code="v">biograf&#xED;a</subfield>
  </datafield>
  <datafield tag="650" ind1="1" ind2="6">
    <subfield code="a">Naturalistas</subfield>
    <subfield code="v">biograf&#xED;a</subfield>
  </datafield>
  <datafield tag="942" ind1=" " ind2=" ">
    <subfield code="2">ddc</subfield>
    <subfield code="c">Folleto</subfield>
  </datafield>
  <datafield tag="999" ind1=" " ind2=" ">
    <subfield code="c">18217</subfield>
    <subfield code="d">18217</subfield>
  </datafield>
  <datafield tag="952" ind1=" " ind2=" ">
    <subfield code="0">0</subfield>
    <subfield code="1">0</subfield>
    <subfield code="2">ddc</subfield>
    <subfield code="4">0</subfield>
    <subfield code="7">0</subfield>
    <subfield code="8">FONDO RAMI</subfield>
    <subfield code="I">INV2017</subfield>
    <subfield code="a">Bogota</subfield>
    <subfield code="b">Bogota</subfield>
    <subfield code="d">2016-03-16</subfield>
    <subfield code="l">0</subfield>
    <subfield code="o">FRO-509.22410 C81f</subfield>
    <subfield code="p">039691</subfield>
    <subfield code="r">2016-03-16 00:00:00</subfield>
    <subfield code="t">Ej. 1</subfield>
    <subfield code="w">2016-03-16</subfield>
    <subfield code="x">Donaci&#xF3;n</subfield>
    <subfield code="y">Folleto</subfield>
  </datafield>
</record>
